[Event "POL-chT3"]
[Site "Jastrzebia Gora POL"]
[Date "2015.??.??"]
[Round "3.98"]
[White "Szadkowski, Kamil"]
[Black "Lukasik, Adam"]
[Result "1-0"]
[WhiteElo "2216"]
[BlackElo "2003"]
[EventDate "2015.??.??"]
[WhiteTitle "k+"]
[BlackTitle "I"]

1.e4 d6 2.d4 Nf6 3.Nc3 e5 4.Nf3 Nbd7 5.Bc4 Be7 6.O-O O-O 7.a4 c6 8.Ba2 a5 
9.Qe2 Qb6 10.Rd1 exd4 11.Nxd4 Nc5 12.h3 Re8 13.Bg5 h6 14.Bh4 Bd8 15.Qf3 
Ncd7 16.Rab1 Ne5 17.Qe2 Bd7 18.Bg3 Qb4 19.Nf3 Bc7 20.Bh4 g5 21.Nxe5 dxe5 
22.Bg3 Rad8 23.h4 Kg7 24.f3 Nh5 25.Qe1 Bb6+ 26.Kh2 Qe7 27.Rd2 Nxg3 28.Kxg3
gxh4+ 29.Kh2 Qg5 30.Rbd1 Bc8 31.Rxd8 Rxd8 32.Rxd8 Qxd8 33.Ne2 Qg5 34.Qc3 
Qe7 35.Bc4 f6 36.Bb3 Qb4 37.Qd3 Qe1 38.Qc4 1-0

[Event "POL-chT3"]
[Site "Jastrzebia Gora POL"]
[Date "2015.??.??"]
[Round "3.99"]
[White "Kurpiewski, Slawomir"]
[Black "Szadkowski, Krzysztof"]
[Result "0-1"]
[WhiteElo "2020"]
[BlackElo "2107"]
[EventDate "2015.??.??"]
[WhiteTitle "k"]
[BlackTitle "k"]

1.d4 Nf6 2.Nf3 c5 3.c3 d5 4.Bf4 Nc6 5.e3 cxd4 6.exd4 g6 7.h3 Bg7 8.Nbd2 
O-O 9.Be2 a6 10.O-O Bf5 11.Ne5 Nxe5 12.Bxe5 h5 13.Re1 Bh6 14.Bxf6 exf6 15.
Nf1 Qd7 16.Bf3 Rfd8 17.Ne3 Be4 18.Nf1 f5 19.Be2 f4 20.Nd2 Qf5 21.Nxe4 dxe4
22.f3 e3 23.Bd3 Qd7 24.Qb3 Kg7 25.Re2 Bg5 26.Rd1 b5 27.Be4 Rac8 28.Ra1 Bh4
29.a4 Bf2+ 30.Kh1 Rb8 31.axb5 axb5 32.Rd1 g5 33.Qc2 Qd6 34.Rxf2 exf2 35.
Qxf2 Rbc8 36.Qf1 Rb8 37.Bc2 Kf6 38.Qd3 Qe6 39.Qf1 Re8 40.Bd3 Qb3 41.Rd2 
Re3 42.Qf2 b4 43.g3 bxc3 44.bxc3 Qxc3 45.Be4 fxg3 46.Qxg3 Qc1+ 0-1

[Event "POL-chT3"]
[Site "Jastrzebia Gora POL"]
[Date "2015.??.??"]
[Round "3.100"]
[White "Kwiatkowski, Wiktor"]
[Black "Czapla, Andrzej"]
[Result "1-0"]
[WhiteElo "1941"]
[BlackElo "1930"]
[EventDate "2015.??.??"]
[WhiteTitle "I"]
[BlackTitle "I"]

1.e4 c6 2.d4 d5 3.Nc3 g6 4.Nf3 Bg7 5.exd5 cxd5 6.Bf4 Nf6 7.Bb5+ Bd7 8.Qe2 
a6 9.Bxd7+ Nbxd7 10.O-O O-O 11.Rfe1 e6 12.h3 b5 13.a4 b4 14.Na2 a5 15.c3 
Qb6 16.Nd2 Rfc8 17.Qd3 Ne8 18.Qg3 Ndf6 19.Be5 Nh5 20.Qf3 bxc3 21.bxc3 Bxe5
22.dxe5 Rab8 23.g4 Nhg7 24.Rab1 Qc6 25.Qf4 Qc7 26.Qd4 Rxb1 27.Rxb1 Rb8 28.
Rb5 Qd8 29.Nc1 Rc8 30.Ncb3 f6 31.Nxa5 fxe5 32.Qxe5 Qc7 33.Qxc7 Nxc7 34.Rc5
Nge8 35.Nc6 Kf8 36.Nd4 Ke7 37.N2f3 Kd6 38.Rc6+ Ke7 39.Nxe6 h5 40.a5 hxg4 
41.hxg4 g5 42.a6 Kf7 43.a7 1-0

[Event "POL-chT3"]
[Site "Jastrzebia Gora POL"]
[Date "2015.??.??"]
[Round "3.101"]
[White "Szczygiel, Konrad"]
[Black "Matlewski, Adam"]
[Result "1-0"]
[WhiteElo "1815"]
[BlackElo "1802"]
[EventDate "2015.??.??"]
[WhiteTitle "I"]
[BlackTitle "I"]

1.d4 Nf6 2.c4 e6 3.Nc3 Bb4 4.Qc2 d5 5.e3 O-O 6.Nf3 b6 7.a3 Bxc3+ 8.bxc3 
Bb7 9.cxd5 exd5 10.Bd3 Ne4 11.O-O Nd7 12.Nd2 Ndf6 13.f3 Nxd2 14.Bxd2 c5 
15.Be1 c4 16.Bf5 Qe7 17.Bf2 Bc8 18.e4 Bxf5 19.exf5 Nh5 20.Rfe1 Qd7 21.Be3 
Qd6 22.Qf2 g6 23.Qh4 f6 24.Bh6 Rfe8 25.Qg4 Kf7 26.Qh3 Ng7 27.g4 g5 28.Qg2 
Re7 29.f4 gxf4 30.Bxf4 Rxe1+ 31.Rxe1 Qd7 32.Bh6 Nxf5 33.Bf4 Rg8 34.Qh3 Ng7
35.Qxh7 Qxg4+ 36.Bg3 f5 37.Kf2 f4 38.Bh4 f3 39.Re7+ Kf8 40.Re8+ Kxe8 41.
Qxg8+ Kd7 42.Qxd5+ Ke8 43.Qg8+ Kd7 44.Qf7+ Kc6 45.Qxc4+ Kd6 46.Bg3+ Ke7 
47.Qc7+ Kf6 48.Be5+ 1-0

[Event "POL-chT3"]
[Site "Jastrzebia Gora POL"]
[Date "2015.??.??"]
[Round "3.102"]
[White "Miturova, Magdalena"]
[Black "Waszczuk, Patrycja"]
[Result "1-0"]
[WhiteElo "2173"]
[BlackElo "1926"]
[EventDate "2015.??.??"]
[WhiteTitle "WFM"]
[BlackTitle "I++"]

1.e4 e5 2.Nf3 Nc6 3.d4 exd4 4.Nxd4 Nf6 5.Nxc6 bxc6 6.e5 Qe7 7.Qe2 Nd5 8.c4
Ba6 9.b3 g6 10.f4 Bg7 11.Qf2 Nb6 12.Bb2 d6 13.Be2 O-O 14.O-O Nd7 15.exd6 
cxd6 16.Bxg7 Kxg7 17.Nd2 Nf6 18.Bf3 Qc7 19.Rfe1 Rfe8 20.Qd4 d5 21.Re5 Bb7 
22.c5 Kg8 23.Rae1 Rxe5 24.fxe5 Re8 25.e6 Qe7 26.exf7+ Qxf7 27.Rxe8+ Nxe8 
28.Qe5 Bc8 29.b4 Qe6 30.Qxe6+ Bxe6 31.Kf2 Kf7 32.Ke3 Nc7 33.Nb3 Bd7 34.Nd4
Ke7 35.Be2 Kf6 36.a4 a6 37.b5 axb5 38.axb5 Nxb5 39.Bxb5 cxb5 40.c6 Bc8 41.
Nxb5 Ke7 42.Kd4 Ba6 43.Nc7 Bf1 44.Nxd5+ Kd6 45.c7 Kd7 46.g3 Bg2 47.Ke5 Bf3
48.Nf6+ Kxc7 49.Nxh7 Kd8 50.Kf6 Ke8 51.Kxg6 Be4+ 52.Kg7 Ke7 53.Ng5 Bf5 54.
h4 Kd6 55.h5 Ke5 56.h6 Bd3 57.h7 Bxh7 58.Kxh7 Kf5 59.Kh6 Kg4 60.Ne4 1-0

[Event "POL-chT3"]
[Site "Jastrzebia Gora POL"]
[Date "2015.??.??"]
[Round "3.103"]
[White "Maciol, Ryszard"]
[Black "Rozycki, Bartlomiej"]
[Result "0-1"]
[WhiteElo "2205"]
[BlackElo "2167"]
[EventDate "2015.??.??"]
[WhiteTitle "k"]
[BlackTitle "k++"]

1.d4 Nf6 2.c4 e6 3.Nc3 Bb4 4.e3 O-O 5.Bd3 d5 6.Nf3 b6 7.O-O Ba6 8.cxd5 
exd5 9.a3 Bxc3 10.bxc3 c5 11.a4 Bxd3 12.Qxd3 c4 13.Qc2 Nc6 14.Nd2 Re8 15.
Re1 Ne4 16.Ba3 Na5 17.Rad1 Nxd2 18.Qxd2 Nb3 19.Qc2 Qd7 20.f3 Qxa4 21.Bd6 
Nc5 22.Qf5 Nd3 23.Rxd3 cxd3 24.Qxd3 Qc6 25.Bg3 Rac8 26.Rc1 b5 27.e4 dxe4 
28.fxe4 Qxe4 29.Qxe4 Rxe4 30.d5 Rec4 31.d6 Rxc3 32.Re1 Rc1 0-1

[Event "POL-chT3"]
[Site "Jastrzebia Gora POL"]
[Date "2015.??.??"]
[Round "3.105"]
[White "Bachorczyk, Marcin"]
[Black "Praczukowski, Stanislaw"]
[Result "1-0"]
[WhiteElo "2076"]
[BlackElo "2028"]
[EventDate "2015.??.??"]
[WhiteTitle "I"]
[BlackTitle "I++"]

1.e4 e6 2.Nc3 d5 3.Nf3 Nf6 4.Qe2 Be7 5.d3 c5 6.g3 Nc6 7.Bg2 O-O 8.O-O b6 
9.Bf4 Bb7 10.Rfe1 d4 11.Nb1 Rc8 12.a4 Nd7 13.Na3 a6 14.h4 e5 15.Bd2 Qc7 
16.Bh3 Rb8 17.Nh2 Bc8 18.h5 b5 19.axb5 axb5 20.f4 b4 21.Nc4 Nb6 22.Nxb6 
Qxb6 23.Bxc8 Rfxc8 24.b3 Ra8 25.Qg4 Qb7 26.Nf3 Bf6 27.Kg2 Re8 28.h6 g6 29.
f5 Rxa1 30.Rxa1 Ra8 31.Rxa8+ Qxa8 32.fxg6 hxg6 33.Qd7 Nd8 34.Bg5 Qa6 35.
Qe8+ Kh7 36.g4 Qe6 37.Kg3 Qb6 38.Qf8 1-0

[Event "POL-chT3"]
[Site "Jastrzebia Gora POL"]
[Date "2015.??.??"]
[Round "3.106"]
[White "Kokoszczynski, Jan"]
[Black "Halamus-bulska, Agata"]
[Result "1-0"]
[WhiteElo "1873"]
[BlackElo "2058"]
[EventDate "2015.??.??"]
[WhiteTitle "I++"]
[BlackTitle "k"]

1.e4 e5 2.Nf3 Nc6 3.Bc4 Nf6 4.Ng5 d5 5.exd5 Na5 6.Bb5+ c6 7.dxc6 bxc6 8.
Qf3 h6 9.Ne4 Nd5 10.Ba4 Be7 11.Nbc3 Nb6 12.Bb3 O-O 13.d3 Bb7 14.Qg3 Bh4 
15.Qxe5 Nxb3 16.axb3 f5 17.Nd6 Qd7 18.O-O Bf6 19.Qg3 Kh7 20.Nxb7 Qxb7 21.
Be3 Nd5 22.Nxd5 cxd5 23.Bc5 Rfe8 24.d4 a5 25.Qd3 g6 26.Rfe1 Re4 27.f3 
Rxe1+ 28.Rxe1 Qd7 29.Qe3 Kg7 30.Qe6 Qd8 31.Qc6 Rc8 32.Qb7+ Rc7 33.Qb6 Rd7 
34.Qxd8 Bxd8 35.Kf2 Bc7 36.g3 h5 37.b4 axb4 38.Bxb4 h4 39.Bc5 h3 40.f4 Kf7
41.Ra1 Bb8 42.Kf3 Kg7 43.Ra6 Rf7 44.c3 Kh6 45.Re6 Kg7 46.Re7 Rxe7 47.Bxe7 
1-0

[Event "POL-chT3"]
[Site "Jastrzebia Gora POL"]
[Date "2015.??.??"]
[Round "3.107"]
[White "Lozynski, Kamil"]
[Black "Wisniewski, Jacek"]
[Result "0-1"]
[WhiteElo "1903"]
[BlackElo "1736"]
[EventDate "2015.??.??"]
[WhiteTitle "I"]
[BlackTitle "I"]

1.d4 d5 2.c4 Bf5 3.Nc3 e6 4.Nf3 c6 5.Bg5 Be7 6.Bxe7 Qxe7 7.e3 Nf6 8.Be2 h6
9.O-O O-O 10.c5 Nbd7 11.b4 b5 12.Ne5 Nxe5 13.dxe5 Ne4 14.Nxe4 Bxe4 15.f4 
a5 16.a3 axb4 17.axb4 Qb7 18.Qd4 Rxa1 19.Rxa1 Ra8 20.Qb2 Ra6 21.Bd1 Qa7 
22.Rxa6 Qxa6 23.Bb3 Kh7 24.Kf2 Qa8 25.Qa2 Qxa2+ 26.Bxa2 Kg6 27.Bb3 f6 28.
exf6 Kxf6 29.Bd1 e5 30.g3 g5 31.Bh5 gxf4 32.gxf4 exf4 33.Be8 d4 34.exf4 
Kf5 35.Kg3 Bd5 36.Bh5 d3 37.Bg4+ Ke4 38.f5 d2 39.f6 Bb3 40.Kf2 Kd3 41.Bf5+
Kc3 42.Bg4 Kc2 43.Ke3 d1=Q 44.Bxd1+ Kxd1 45.Ke4 Ke2 46.Ke5 Kf3 47.Kd6 Bd5 
48.f7 Bxf7 49.Kxc6 Ke4 0-1

[Event "POL-chT3"]
[Site "Jastrzebia Gora POL"]
[Date "2015.??.??"]
[Round "3.108"]
[White "Olechnicka, Karolina"]
[Black "Botor, Michalina"]
[Result "1/2-1/2"]
[WhiteElo "1747"]
[BlackElo "1813"]
[EventDate "2015.??.??"]
[WhiteTitle "k++"]
[BlackTitle "I++"]

1.e4 c6 2.d4 d5 3.Nc3 dxe4 4.Nxe4 Bf5 5.Ng3 Bg6 6.h4 h6 7.Nf3 Nd7 8.h5 Bh7
9.Bd3 Bxd3 10.Qxd3 e6 11.Bd2 Qc7 12.O-O-O Ngf6 13.Ne4 O-O-O 14.g3 Nxe4 15.
Qxe4 Bd6 16.Kb1 Kb8 17.c4 c5 18.Rc1 Nf6 19.Qe2 Ka8 20.Ka1 a6 21.Rh4 Rc8 
22.dxc5 Qxc5 23.b4 Qc6 24.Nd4 Qc7 25.Nf3 Rhd8 26.c5 Be7 27.Rhc4 Nd5 28.
R4c2 Bf6+ 29.Kb1 Re8 30.Qe4 Qc6 31.Rc4 Rcd8 32.Ne5 Bxe5 33.Qxe5 Nf6 34.Qe2
Qd5 35.R1c2 Qxh5 36.Qxh5 Nxh5 37.c6 Rc8 38.c7 Nf6 39.Bc3 Re7 40.Be5 Nd5 
1/2-1/2

[Event "POL-chT3"]
[Site "Jastrzebia Gora POL"]
[Date "2015.??.??"]
[Round "4.1"]
[White "Stopa, Jacek"]
[Black "Rudolf, Michal"]
[Result "1/2-1/2"]
[WhiteElo "2505"]
[BlackElo "2326"]
[EventDate "2015.??.??"]
[WhiteTitle "GM"]
[BlackTitle "FM"]

1.d4 e6 2.c4 b6 3.Nf3 Bb7 4.g3 Bb4+ 5.Nc3 Bxc3+ 6.bxc3 Nf6 7.Bg2 O-O 8.Ba3
d6 9.c5 bxc5 10.dxc5 Bxf3 11.Bxf3 d5 12.O-O c6 13.Qa4 Qc7 14.c4 Nbd7 15.
cxd5 cxd5 16.Rac1 Ne5 17.Bg2 Rab8 18.e4 dxe4 19.Bxe4 Nxe4 20.Qxe4 Rfd8 21.
Rfd1 Nd7 22.Rd6 Nf6 23.Qd4 Rdc8 24.Bb2 h6 25.Ba1 Rb5 26.c6 Rd5 27.Rxd5 
exd5 28.Qc5 Qb6 29.Qxb6 axb6 30.a4 Ne4 31.Bd4 Nd2 32.Bxb6 Nc4 33.Bd4 Rxc6 
34.Rb1 Ra6 35.Rb8+ Kh7 36.Rb4 f6 37.Bc3 Ne5 38.Bxe5 fxe5 39.Rb5 Rxa4 40.
Rxd5 Ra1+ 1/2-1/2

[Event "POL-chT3"]
[Site "Jastrzebia Gora POL"]
[Date "2015.??.??"]
[Round "4.2"]
[White "Zujev, Oleg"]
[Black "Kantans, Toms"]
[Result "1/2-1/2"]
[WhiteElo "2271"]
[BlackElo "2502"]
[EventDate "2015.??.??"]
[WhiteTitle ""]
[BlackTitle "IM"]

1.d4 Nf6 2.c4 c5 3.d5 e6 4.Nc3 exd5 5.cxd5 d6 6.e4 g6 7.f4 Bg7 8.Bb5+ Nfd7
9.Nf3 O-O 10.O-O a6 11.Bd3 b5 12.Kh1 Re8 13.a3 Nf8 14.f5 Nbd7 15.Bg5 Qb6 
16.Qe1 Ra7 17.Qh4 f6 18.Bd2 Rc7 19.Qg3 Ne5 20.Nxe5 dxe5 21.b3 Bd7 22.Be3 
Qd6 23.a4 Rb8 24.axb5 axb5 25.Rfb1 b4 26.Ra6 Rb6 27.Rxb6 Qxb6 28.Nd1 Bb5 
29.Bg1 Ra7 30.Nb2 gxf5 31.exf5 Nd7 32.Qf3 Bxd3 33.Qxd3 Ra2 34.Na4 Qd6 35.
Qc4 Rd2 36.Nxc5 Nxc5 37.Bxc5 Qxd5 38.Bxb4 Qxc4 39.bxc4 Rc2 40.c5 Bf8 41.h3
Bxc5 42.Bxc5 Rxc5 43.Rb7 h5 44.g3 Rc3 45.Kg2 h4 46.gxh4 Rc4 47.Rb8+ Kg7 
48.Rb7+ Kg8 49.Rb8+ Kg7 50.Rb7+ 1/2-1/2

[Event "POL-chT3"]
[Site "Jastrzebia Gora POL"]
[Date "2015.??.??"]
[Round "4.3"]
[White "Kolosowski, Mateusz"]
[Black "Warszawski, Bartosz"]
[Result "1-0"]
[WhiteElo "2425"]
[BlackElo "2224"]
[EventDate "2015.??.??"]
[WhiteTitle "IM"]
[BlackTitle "m"]

1.d4 d5 2.c4 e6 3.Nf3 c5 4.cxd5 exd5 5.g3 Nc6 6.Bg2 Nf6 7.O-O Be7 8.Nc3 
O-O 9.Bg5 c4 10.Ne5 Be6 11.Nxc6 bxc6 12.b3 h6 13.Bxf6 Bxf6 14.bxc4 dxc4 
15.e3 Qa5 16.Qe1 Qa6 17.Rc1 Rfe8 18.Qe2 Rab8 19.Rfd1 Red8 20.Be4 Be7 21.
Rc2 Bd5 22.Bf5 Bb4 23.e4 Re8 24.Qf3 Be6 25.Bxe6 Rxe6 26.Rb1 Qa3 27.Qe2 Rd8
28.Qxc4 Bxc3 29.Rxc3 Qd6 30.Rb7 Qxd4 31.Qxd4 Rxd4 32.Rf3 Rf6 33.Rxf6 gxf6 
34.Rxa7 Rxe4 35.Ra3 Re2 36.Rf3 Kg7 37.a4 Ra2 38.Rf4 Kg6 39.Kg2 f5 40.Kf3 
Ra3+ 41.Ke2 Rc3 42.Kd2 Rc5 43.Kd3 Ra5 44.Kc3 c5 45.Kb3 Ra8 46.Ka3 Ra5 47.
Rf3 h5 48.Rb3 Ra6 49.Rb5 f4 50.Rxc5 fxg3 51.hxg3 f5 52.Rc4 Rd6 53.a5 Rd3+ 
54.Kb4 Rd2 55.Rf4 Ra2 56.Kb5 Kg5 57.a6 Rb2+ 58.Rb4 1-0

[Event "POL-chT3"]
[Site "Jastrzebia Gora POL"]
[Date "2015.??.??"]
[Round "4.4"]
[White "Chalupnik, Marcin"]
[Black "Cukrowski, Filip"]
[Result "1/2-1/2"]
[WhiteElo "2210"]
[BlackElo "2318"]
[EventDate "2015.??.??"]
[WhiteTitle "k++"]
[BlackTitle "m"]

1.c4 Nf6 2.Nc3 g6 3.g3 Bg7 4.Bg2 O-O 5.e4 d6 6.Nge2 Nc6 7.O-O e5 8.d3 Bd7 
9.Nd5 Nxd5 10.cxd5 Ne7 11.Bg5 h6 12.Be3 c5 13.dxc6 Nxc6 14.Qd2 Kh7 15.f4 
exf4 16.Nxf4 Qa5 17.Qxa5 Nxa5 18.Rac1 Nc6 19.b3 Rac8 20.Nd5 Be6 21.Nf4 Bd4
22.Kf2 g5 23.Nd5 Bg7 24.Ke2 Bb2 25.Rb1 Be5 26.Kd2 Nd4 27.Rbc1 Bxd5 28.exd5
Kg6 29.Rc4 Nb5 30.a4 Na3 31.Rxc8 Rxc8 32.Rc1 Rxc1 33.Kxc1 Bc3 34.Bxa7 Kf6 
35.Be3 b5 36.Bd2 Nb1 37.Bxc3+ Nxc3 38.a5 b4 39.a6 Nb5 40.d4 Ke7 41.Kd2 Kd8
42.Bf1 Na7 43.Kd3 Kc7 44.Kc4 Kb6 45.Kxb4 Nc8 46.Kc3 Ne7 47.Bc4 Ng8 48.Kd3 
Nf6 49.Ke2 Ka7 50.Kf3 Kb6 51.b4 Ka7 52.b5 Kb6 53.Bd3 Ka7 54.Bf5 Kb6 55.Be6
fxe6 56.dxe6 Ka7 57.e7 Kb6 58.h4 Ka7 59.hxg5 1/2-1/2

[Event "POL-chT3"]
[Site "Jastrzebia Gora POL"]
[Date "2015.??.??"]
[Round "4.5"]
[White "Dubinski, Mateusz"]
[Black "Kaim, Piotr"]
[Result "1/2-1/2"]
[WhiteElo "2207"]
[BlackElo "2195"]
[EventDate "2015.??.??"]
[WhiteTitle "CM"]
[BlackTitle "m"]

1.d4 d5 2.c4 e5 3.dxe5 d4 4.Nf3 Nc6 5.g3 Nge7 6.Bg2 Ng6 7.O-O Ngxe5 8.Nbd2
Be7 9.Nxe5 Nxe5 10.Nf3 Nc6 11.Qa4 O-O 12.Rd1 Bf6 13.a3 Qe7 14.Qc2 Re8 15.
e3 Bg4 16.h3 Bh5 17.g4 Bg6 18.Qb3 d3 19.Ne1 Rad8 20.Qxb7 Ne5 21.Qb3 h5 22.
f4 Nxc4 23.Qxc4 d2 24.Bxd2 Rxd2 25.Rxd2 Qxe3+ 26.Rf2 Bd4 27.Qf1 hxg4 28.
hxg4 Qxf4 29.Rd1 Qxg4 30.Rxd4 Qxd4 31.Nf3 Qe3 32.Qd1 c5 33.Qd2 Qe4 34.Qc3 
c4 35.Rf1 Qg4 36.Ne5 Qg5 37.Nxg6 Qxg6 38.Qf3 Rb8 39.Rf2 Re8 40.Re2 Rd8 41.
Rf2 Re8 42.Qf5 Re1+ 43.Kh2 Qh6+ 44.Bh3 Qd6+ 45.Qf4 Qd5 46.Bg2 Qh5+ 47.Bh3 
Qd5 1/2-1/2

[Event "POL-chT3"]
[Site "Jastrzebia Gora POL"]
[Date "2015.??.??"]
[Round "4.6"]
[White "Bednarska-bzdega, Malgorzata"]
[Black "Kulon, Klaudia"]
[Result "0-1"]
[WhiteElo "2052"]
[BlackElo "2250"]
[EventDate "2015.??.??"]
[WhiteTitle "WFM"]
[BlackTitle "WGM"]

1.e4 c5 2.Nf3 Nc6 3.d4 cxd4 4.Nxd4 Nf6 5.Nc3 d6 6.Bg5 e6 7.Qd2 a6 8.O-O-O 
Bd7 9.f4 b5 10.Bxf6 gxf6 11.Nxc6 Bxc6 12.Qe1 Ra7 13.Bd3 Qb6 14.Kb1 b4 15.
Ne2 a5 16.Ng3 Qc5 17.Qe2 h5 18.Rhe1 a4 19.Bc4 a3 20.b3 h4 21.Nf1 f5 22.e5 
Rd7 23.exd6 Be4 24.Qe3 Rxd6 25.g3 hxg3 26.hxg3 Rh1 27.Qxc5 Rxd1+ 28.Rxd1 
Bxc5 29.Be2 Rg1 30.Kc1 Ke7 31.Kd2 Rg2 32.Ke1 Bf2+ 33.Kd2 Bd4 34.Ke1 Bc3+ 
35.Nd2 Bxc2 36.Rc1 Bd3 37.Bxd3 Rxd2 38.Bb1 Rh2+ 39.Kd1 Rg2 0-1

[Event "POL-chT3"]
[Site "Jastrzebia Gora POL"]
[Date "2015.??.??"]
[Round "4.7"]
[White "Nguyen, Piotr"]
[Black "Sivuk, Vitaly"]
[Result "0-1"]
[WhiteElo "2327"]
[BlackElo "2479"]
[EventDate "2015.??.??"]
[WhiteTitle "m"]
[BlackTitle "GM"]

1.d4 Nf6 2.Bg5 d5 3.e3 c5 4.Bxf6 gxf6 5.dxc5 e6 6.Nf3 Nc6 7.Be2 Bxc5 8.O-O
O-O 9.c4 dxc4 10.Qc2 Qb6 11.Nbd2 Rd8 12.Nxc4 Qc7 13.a3 Bf8 14.Bd3 h6 15.b4
Bd7 16.Rac1 Be8 17.Na5 Qe7 18.Nxc6 Bxc6 19.Nd4 Be8 20.Qe2 Bg7 21.Nb3 Rac8 
22.h3 f5 23.e4 fxe4 24.Bxe4 b6 25.Nd2 Rxc1 26.Rxc1 Qg5 27.Rc2 Bb5 28.Nc4 
Rd4 29.Bd3 Qd5 30.a4 Bxc4 0-1

[Event "POL-chT3"]
[Site "Jastrzebia Gora POL"]
[Date "2015.??.??"]
[Round "4.8"]
[White "Kowalczyk, Pawel"]
[Black "Licznerski, Lukasz"]
[Result "1/2-1/2"]
[WhiteElo "2352"]
[BlackElo "2293"]
[EventDate "2015.??.??"]
[WhiteTitle "I++"]
[BlackTitle "FM"]

1.d4 Nf6 2.Nf3 g6 3.c4 Bg7 4.Nc3 d5 5.Bg5 Ne4 6.Bh4 Nxc3 7.bxc3 dxc4 8.
Qa4+ Qd7 9.Qxc4 b6 10.Bg3 c5 11.e3 Ba6 12.Qb3 Bxf1 13.Kxf1 Nc6 14.h4 O-O 
15.Rd1 Na5 16.Qb1 cxd4 17.cxd4 Rac8 18.Kg1 Qa4 19.Kh2 Rc2 20.Rc1 Rfc8 21.
Rxc2 Rxc2 22.Rc1 Rxc1 23.Qxc1 Nc4 24.Qb1 Bf8 25.h5 b5 26.Qe4 Qxa2 27.Qa8 
Nb6 28.Qe8 b4 29.Ne5 Qe6 30.e4 gxh5 31.f4 b3 32.f5 Qf6 33.Qb5 e6 34.Qxb3 
exf5 35.Qf3 h4 36.Bf2 Bd6 37.exf5 Nd7 38.Kh3 Nxe5 39.dxe5 Qxe5 40.Bxa7 
Qh2+ 41.Kg4 Qg3+ 42.Qxg3 hxg3 43.Bd4 Bc7 44.Bf6 Bd6 45.Bh4 Kg7 46.Bxg3 
Bxg3 47.Kxg3 Kf6 48.Kf4 h6 49.g4 Ke7 50.g5 hxg5+ 51.Kxg5 Kf8 52.Kf6 Ke8 
53.Kg7 Ke7 54.Kg8 Kf6 55.Kf8 Kxf5 56.Kxf7 1/2-1/2

[Event "POL-chT3"]
[Site "Jastrzebia Gora POL"]
[Date "2015.??.??"]
[Round "4.9"]
[White "Flak, Pawel"]
[Black "Jagodzinski, Piotr"]
[Result "1-0"]
[WhiteElo "2223"]
[BlackElo "2246"]
[EventDate "2015.??.??"]
[WhiteTitle "k"]
[BlackTitle "k++"]

1.Nf3 Nf6 2.d4 c5 3.d5 d6 4.Nc3 g6 5.e4 Bg4 6.h3 Bxf3 7.Qxf3 Bg7 8.Be2 
Nbd7 9.O-O a6 10.a4 Qa5 11.Bd2 h5 12.Nb1 Qc7 13.Bc3 O-O 14.Nd2 Nh7 15.Bxg7
Kxg7 16.Qg3 Nhf6 17.a5 Rfb8 18.b3 b6 19.axb6 Rxb6 20.Qe3 a5 21.f4 Rb4 22.
Ra3 Rb7 23.Bf3 Nb6 24.c4 a4 25.e5 Nh7 26.e6 f5 27.g4 hxg4 28.hxg4 axb3 29.
Rxb3 fxg4 30.Be4 Rf8 31.f5 Rbb8 32.Bc2 Nc8 33.fxg6 Rxb3 34.Bxb3 Nf6 35.Ne4
Qa5 36.Ng5 Qa3 37.Nf7 Ng8 38.Qc3+ Nf6 39.Qe3 Ng8 40.Qc3+ Nf6 41.Qd2 Rh8 
42.Nxh8 Qxb3 43.Nf7 Qg3+ 44.Qg2 Qe3+ 45.Qf2 Qe4 46.Qf4 Qxg6 47.Qg5 Qxg5 
48.Nxg5 Nb6 49.Rf4 Kg6 50.Nf7 Na8 51.Kg2 Nc7 52.Rf2 Nce8 53.Nd8 Ng7 54.Nc6
Nf5 55.Ra2 Ne4 56.Ra8 Kg5 57.Rf8 g3 58.Rf7 Kg4 59.Nxe7 Nh4+ 60.Kg1 Nc3 61.
Rg7+ Kf3 62.Kf1 g2+ 63.Kg1 Ne2+ 64.Kh2 g1=Q+ 65.Rxg1 Nxg1 66.Nc8 Kf2 67.
Nxd6 Ngf3+ 68.Kh1 Ng5 69.e7 1-0

[Event "POL-chT3"]
[Site "Jastrzebia Gora POL"]
[Date "2015.??.??"]
[Round "4.10"]
[White "Dobrowolski, Aleksander"]
[Black "Grzelak, Artur"]
[Result "1-0"]
[WhiteElo "2281"]
[BlackElo "2147"]
[EventDate "2015.??.??"]
[WhiteTitle "m"]
[BlackTitle "m"]

1.e4 g6 2.d4 Bg7 3.Nc3 d6 4.f4 Nf6 5.Nf3 O-O 6.Bd3 Na6 7.O-O c5 8.d5 Nc7 
9.a4 Rb8 10.Qe1 e6 11.dxe6 fxe6 12.e5 Nfd5 13.Ne4 Nxf4 14.Bxf4 Rxf4 15.
Nxd6 Rf8 16.Qg3 Ne8 17.Ng5 Nxd6 18.exd6 Bd7 19.Nxh7 1-0

[Event "POL-chT3"]
[Site "Jastrzebia Gora POL"]
[Date "2015.??.??"]
[Round "4.11"]
[White "Pietocha, Pawel"]
[Black "Dowgird, Filip"]
[Result "0-1"]
[WhiteElo "2077"]
[BlackElo "2208"]
[EventDate "2015.??.??"]
[WhiteTitle "I++"]
[BlackTitle "k"]

1.e4 g6 2.d4 Bg7 3.c3 d6 4.h3 Nf6 5.Bd3 e5 6.Ne2 Nc6 7.O-O O-O 8.f4 exd4 
9.Nxd4 Re8 10.Qf3 Qe7 11.Nd2 Nd7 12.N2b3 Nd8 13.Bd2 c5 14.Nc2 Nb6 15.Ne3 
Qc7 16.Bc2 Be6 17.f5 Bc4 18.Rf2 Nc6 19.f6 Bf8 20.Qg3 Ne5 21.Nf5 Nbd7 22.
Nh6+ Kh8 23.Qh4 Re6 24.Ng4 Rae8 25.Bg5 Bd3 26.Nh6 Bxc2 27.Rxc2 Bxh6 28.
Bxh6 Nxf6 29.Rf2 Ng8 30.Bg5 Kg7 31.Raf1 h6 32.Bc1 Qe7 33.Qg3 Nf6 34.Nd2 
Nh5 35.Qe3 Rf6 36.c4 Rxf2 37.Rxf2 Qg5 38.Qc3 Qg3 39.Rf3 Qh4 40.b3 Nf4 41.
Qe3 Nfd3 42.Rf1 Qg5 43.Qxg5 hxg5 44.Ba3 g4 45.hxg4 Nxg4 46.Rf3 Nge5 47.Re3
Rh8 48.Nf3 Kf6 49.Re2 Ke6 50.Rd2 f6 51.Nxe5 Nxe5 52.Kf2 Rh4 53.Re2 a6 54.
Ke3 Rh1 55.Bb2 Rh4 56.Bc3 f5 57.exf5+ gxf5 58.Kf2 b5 59.cxb5 axb5 60.Re1 
b4 61.Bb2 Re4 62.Rd1 Ng4+ 63.Kf3 Re3+ 64.Kf4 Re2 65.Bh8 Rf2+ 0-1

[Event "POL-chT3"]
[Site "Jastrzebia Gora POL"]
[Date "2015.??.??"]
[Round "4.12"]
[White "Korosciel, Aneta"]
[Black "Leszner, Liliana"]
[Result "1/2-1/2"]
[WhiteElo "2036"]
[BlackElo "2027"]
[EventDate "2015.??.??"]
[WhiteTitle "m"]
[BlackTitle "WIM"]

1.e4 b6 2.d4 Bb7 3.Nc3 e6 4.Nf3 Nf6 5.Bd3 Bb4 6.Qe2 d5 7.exd5 Qxd5 8.O-O 
Bxc3 9.bxc3 O-O 10.Re1 Nbd7 11.c4 Qh5 12.Ne5 Qxe2 13.Rxe2 Nxe5 14.Rxe5 
Rfd8 15.Bb2 Nd7 16.Rg5 g6 17.h4 h6 18.Rg3 Nf6 19.Re1 Nh5 20.Rge3 Rac8 21.
Be4 Bxe4 22.Rxe4 c5 23.d5 exd5 24.cxd5 Ng7 25.c4 Nf5 26.Bf6 Rf8 27.Rd1 Rc7
28.Re2 Rd7 29.a4 Nd6 30.Rc1 Re8 31.Rce1 Rxe2 32.Rxe2 Kf8 33.Rc2 Ne4 34.Be5
f6 35.Bb2 Kf7 36.f3 Nd6 37.Kf2 Re7 38.g4 Re8 39.Bc1 g5 40.hxg5 hxg5 41.Be3
Kg6 1/2-1/2

[Event "POL-chT3"]
[Site "Jastrzebia Gora POL"]
[Date "2015.??.??"]
[Round "4.13"]
[White "Gajek, Radoslaw"]
[Black "Tazbir, Marcin"]
[Result "1/2-1/2"]
[WhiteElo "2384"]
[BlackElo "2517"]
[EventDate "2015.??.??"]
[WhiteTitle "IM"]
[BlackTitle "GM"]

1.Nf3 Nf6 2.c4 e6 3.d4 Bb4+ 4.Nc3 b6 5.e3 O-O 6.Bd3 Bb7 7.O-O Bxc3 8.bxc3 
Ne4 9.Nd2 f5 10.f3 Nxd2 11.Bxd2 d6 12.Qc2 Nd7 13.e4 fxe4 14.Bxe4 Bxe4 15.
Qxe4 e5 16.Qc6 Nf6 17.dxe5 dxe5 18.Rad1 Qd6 19.Qxd6 cxd6 20.Bg5 h6 21.Bc1 
Rac8 22.Rxd6 Rxc4 23.Bb2 Re8 24.Re1 Kf7 25.Re3 Ra4 26.a3 Rc4 27.Kf1 Re6 
28.Rd8 b5 29.Ke1 a6 30.Kd1 Ke7 31.Ra8 Nd5 32.Rd3 Rd6 33.Kc2 Rc7 34.Kb1 Ke6
35.Re8+ Re7 36.Ra8 Red7 37.Re8+ Re7 38.Rc8 Nb6 39.Rxd6+ Kxd6 40.Rg8 Nc4 
41.Bc1 e4 42.fxe4 Ke5 43.Ra8 Re6 44.Rg8 Re7 45.Ra8 Kxe4 46.Rxa6 Kd3 47.Rg6
Kxc3 48.Rg3+ Kd4 49.Bb2+ Nxb2 50.Kxb2 g5 51.Kb3 Kc5 52.Rc3+ Kb6 53.Rf3 Ka5
54.g4 Re4 55.h3 Re6 1/2-1/2

[Event "POL-chT3"]
[Site "Jastrzebia Gora POL"]
[Date "2015.??.??"]
[Round "4.14"]
[White "Sopur, Lech"]
[Black "Krainski, Aleksander"]
[Result "1/2-1/2"]
[WhiteElo "2419"]
[BlackElo "2134"]
[EventDate "2015.??.??"]
[WhiteTitle "m"]
[BlackTitle "FM"]

1.d4 d5 2.c4 e6 3.Nc3 c5 4.cxd5 exd5 5.Nf3 Nc6 6.g3 Nf6 7.Bg2 Be7 8.O-O 
O-O 9.Bg5 cxd4 10.Nxd4 h6 11.Be3 Bg4 12.Qa4 Na5 13.Rad1 Nc4 14.Bc1 Nb6 15.
Qb3 Rc8 16.Be3 Rc4 17.a3 Bc5 18.h3 Bd7 19.Qa2 Qc8 20.Kh2 Re8 21.Rd3 Bd6 
22.Rfd1 Ne4 23.Ndb5 Bb8 24.Bxb6 Bxb5 25.Bd4 Rxc3 26.bxc3 Bxd3 27.Rxd3 Qc6 
28.Rf3 g6 29.Qb2 Re6 30.Qc1 Be5 31.Qxh6 Bxd4 32.cxd4 a6 33.Qf4 Qd7 34.h4 
Rf6 35.Qb8+ Kh7 36.Rxf6 Nxf6 37.Bf3 Qc6 38.Qf4 b5 39.g4 Qe6 40.h5 a5 41.
hxg6+ Kxg6 42.g5 Ne4 43.Qh4 Kg7 44.Qf4 b4 45.axb4 axb4 46.Qb8 Nxf2 47.Kg2 
Ne4 48.Qxb4 Nxg5 49.Qb6 1/2-1/2

[Event "POL-chT3"]
[Site "Jastrzebia Gora POL"]
[Date "2015.??.??"]
[Round "4.15"]
[White "Karpus, Michal"]
[Black "Sapis, Witalis"]
[Result "1/2-1/2"]
[WhiteElo "2303"]
[BlackElo "2396"]
[EventDate "2015.??.??"]
[WhiteTitle "FM"]
[BlackTitle "IM"]

1.e4 d5 2.exd5 Nf6 3.Bb5+ Bd7 4.Be2 Nxd5 5.d4 Bf5 6.Nf3 e6 7.O-O Be7 8.a3 
O-O 9.c4 Nb6 10.Nc3 Nc6 11.Be3 Bf6 12.b4 a6 13.h3 h6 14.Ra2 Nc8 15.Rd2 Nd6
16.Qb3 Qe7 17.Rfd1 Rfd8 18.Bf4 Ne4 19.Nxe4 Bxe4 20.Qe3 Bxf3 21.Bxf3 Bg5 
22.Be4 Qf6 23.Bxg5 hxg5 24.Bxc6 bxc6 25.d5 cxd5 26.cxd5 Rd6 27.dxe6 Rxe6 
28.Qc5 Rc6 29.Qe3 Re6 30.Qc5 Rc6 31.Qd5 Re8 32.Qd7 Qe6 33.Qxe8+ Qxe8 34.
Rd8 Kf8 35.Rxe8+ Kxe8 36.Rd3 Rc1+ 37.Kh2 c5 38.Rd5 cxb4 39.axb4 f6 40.Ra5 
Rc6 41.b5 1/2-1/2